Normal view
MARC view
Entry Personal Name
001 - CONTROL NUMBER
- control field: 168159
003 - CONTROL NUMBER IDENTIFIER
- control field: OSt
005 - DATE AND TIME OF LATEST TRANSACTION
- control field: 20240528110507.0
008 - FIXED-LENGTH DATA ELEMENTS
- fixed length control field: 240528|| aca||aabn | a|a d
040 ## - CATALOGING SOURCE
- Original cataloging agency: OSt
- Transcribing agency: OSt
100 ## - HEADING--PERSONAL NAME
- Personal name: N, Hemalatha
670 ## - SOURCE DATA FOUND
- Source citation: Work cat.: (OSt): K, Anusha. 202001 168157, Designing a data model on interbank swift transaction /, 2022.